Velázquez (Record no. 120434)
[ view plain ]
| 000 -LEADER | |
|---|---|
| campo de control de longitud fija | 00563nam a2200169 4500 |
| 001 - NÚMERO DE CONTROL | |
| campo de control | 120434 |
| 003 - IDENTIFICADOR DE NÚMERO DE CONTROL | |
| campo de control | ES-MaACL |
| 005 - FECHA Y HORA DE LA ÚLTIMA TRANSACCIÓN | |
| campo de control | 20230906191542.0 |
| 007 - CAMPO FIJO DE DESCRIPCIÓN FÍSICA--INFORMACIÓN GENERAL | |
| campo de control de longitud fija | t| |
| 008 - DATOS DE LONGITUD FIJA--INFORMACIÓN GENERAL | |
| campo de control de longitud fija | 070214s1972 sp r ||||1| spa d |
| 100 1# - ENTRADA PRINCIPAL--NOMBRE DE PERSONA | |
| Nombre de persona | Pita Andrade, José Manuel. |
| 9 (RLIN) | 92394 |
| 245 10 - MENCIÓN DEL TÍTULO | |
| Título | Velázquez |
| Resto del título | : pintor esencial / |
| Mención de responsabilidad, etc. | por José Manuel Pita Andrade ; fotografía: Eleanor Domínguez Ramírez. |
| 260 ## - PUBLICACIÓN, DISTRIBUCIÓN, ETC. | |
| Lugar de publicación, distribución, etc. | Madrid : |
| Nombre del editor, distribuidor, etc. | Grafiplás, |
| Fecha de publicación, distribución, etc. | 1972. |
| 300 ## - DESCRIPCIÓN FÍSICA | |
| Extensión | 48 p., 15 lám., 32 lám. col. ; |
| Dimensiones | 16 cm. |
| 700 1# - ENTRADA AGREGADA--NOMBRE PERSONAL | |
| Nombre de persona | Domínguez, Eleonor. |
| 9 (RLIN) | 45159 |
| 852 ## - LOCALIZACIÓN | |
| Ubicación | ES-MaACL |
| Número de control de estantería | C-43904 |
| Sublocalización o colección | R.82638 |
| Estatus retirado | Estado de pérdida | Estado de daño | No para préstamo | Biblioteca de origen | Biblioteca actual | Ubicación en estantería | Fecha de adquisición | Fuente de adquisición | Total de préstamos | Signatura topográfica completa | Código de barras | Visto por última vez | Precio de reemplazo | Tipo de ítem Koha |
|---|---|---|---|---|---|---|---|---|---|---|---|---|---|---|
| Biblioteca del Ateneo de Madrid | Biblioteca del Ateneo de Madrid | Depósito 2 | 17/01/2008 | C-43904 | 1125531 | 23/02/2023 | 23/02/2023 | Libro impreso |
